A Practical Handbook of Language Teaching (Запис номер 37071)
[ съкратено ]
| 000 -Лидер | |
|---|---|
| Контролно поле с фиксирана дължина | 01039nam a2200325 c 4500 |
| 003 - Код на организацията, давaща контролен номер | |
| Контролно поле | BLK |
| 005 - Дата и час на последна редакция | |
| Контролно поле | 20180420220949.0 |
| 008 - Елементи от данни с фиксирана дължина | |
| fixed length control field | 180408b bul|||||r ||||||| ||bul|| |
| 010 ## - Наследен системен номер | |
| LC control number | KNG00040193000 |
| 020 ## - Международен стандартен номер на книга ISBN | |
| Международен стандартен номер на книга ISBN | 0-304-33040-X |
| -- | издат.: Cassell |
| 040 ## - Източник на каталожния запис | |
| Идентификатор на билиотеката - собственик на записа | BLK |
| 041 ## - Код за език | |
| Код за езика на текст/звукозапис или на отделно заглавие | Английски |
| Код за езика КДБФ | Английски |
| 080 ## - УДК | |
| Текстов определител УДК | Езиково обучение |
| УДК код - определител по УДК | 81:37 |
| УДК определител | (072) |
| УДК - код + определител | 81:37(072) |
| 100 1# - Редна дума - Автор | |
| Автор | Cross, David |
| Авторска отговорност | първи автор |
| R(LIN) | 275297 |
| 139 ## - Редно поле | |
| Редна дума | Cross, David |
| Авторски знак | Cro - C 90 |
| 245 10 - Сведения за заглавието | |
| Заглавие | A Practical Handbook of Language Teaching |
| Редно поле (дума) | David Cross. |
| 257 ## - Страна на издаване | |
| Страна на създаване/издаване | Великобритания |
| 260 ## - Област на издателските данни | |
| -- | London |
| Име на издателя, разпространителя и проч. | Cassell |
| Година на издаване | 1991 |
| 300 ## - Физическа характеристика | |
| Страници | VIII c., 296 c. |
| Размери/Мащаб | 24 cm |
| 380 ## - Жанр | |
| Жанр | Езикознание. Филология |
| 650 #4 - Допълнително описание по предмет – тема | |
| Основно описание – тема или топоним | Чужди езици - методика на преподаването |
| 9 (RLIN) | 257147 |
| 653 ## - Ключова дума – ненормативна | |
| Ключова дума | езиково обучение |
| 653 ## - Ключова дума – ненормативна | |
| Ключова дума | чужди езици |
| 653 ## - Ключова дума – ненормативна | |
| Ключова дума | методика на преподаването |
| 852 ## - Местоположение | |
| Форматна сигнатура | Цб 169905 |
| 856 4# - Електронен адрес и достъп | |
| Електронен формат | pdf - файл |
| Път до файла /url/ | |
| 856 4# - Електронен адрес и достъп | |
| Електронен формат | pdf - файл |
| Път до файла /url/ | |
| 942 ## - АРТИКУЛИ | |
| Вид на библиотечния материал | Книги |
| Скрит в OPAC | Не |
| 944 ## - СЪЗДАВАНЕ И РЕДАКЦИЯ на ЗАПИСА | |
| Създаване/Редакция | Създаване |
| Дата на регистрацията/редакция | 15.01.2003 |
| Служител, извършил регистрацията/редакцията | Теодора_Стоянова |
| 944 ## - СЪЗДАВАНЕ И РЕДАКЦИЯ на ЗАПИСА | |
| Създаване/Редакция | Редакция |
| Дата на регистрацията/редакция | 24.07.2009 |
| Служител, извършил регистрацията/редакцията | |
| 999 ## - СИСТЕМНИ КОНТРОЛНИ НОМЕРА | |
| Koha biblionumber | 37071 |
| Koha biblioitemnumber | 37071 |
| Код за отписване | Код за изгубен артикул | Код за повреда | Коз за рестрикции | Код за отдаване | Артикулен № | Име на библиотеката - собственик | Име на библиотеката, в която се намира в момента | Статус (Текущо местоположение) | Дата на вписване в системата | Местоположение - отдел | Цена в лева | Инвентарен номер | Систематично азбучна сигнатура | Баркод | Номер на екземпляра | Цена в евро | Служебна бележка | Служебен тип на артикула |
|---|---|---|---|---|---|---|---|---|---|---|---|---|---|---|---|---|---|---|
| Не е изгубен | Не е повреден | без рестрикции | заемане за дома | 58257 | Регионална библиотека "Любен Каравелов" Русе | Регионална библиотека "Любен Каравелов" Русе | ЧЧЗО - англ. ез. - Британски съвет | 2001-01-01 | ЧЧЗО - англ. ез. - Британски съвет | 0.00 | 572174 | Ч3 800/C 90 | 572174 | 1 | 0.00 | Дата инв: 18.03.2015 Бележки инв: Ч32015 | Книги |